000 00496nam a2200205Ia 4500
003 0100
008 130303s9999 xx 000 0 und d
040 _cARRUPELIB
050 _aD511.L329 1963
245 4 _aThe outbreak of the First World War
245 _bwho was responsible?
250 _arev.
260 _aBoston MA
260 _bHeath
260 _C1963
300 _a81p
650 _bMau Mau--Fiction
700 _aed. by Dwight Erwin Lee , Lee, Dwight Erwin, ed
942 0 0 _04
999 _c43094
_d43094